Podobne flagi quiz wybór#1 - Statystyki

Ogólne statystyki
  • Ten quiz został rozwiązany 27 razy
  • Średni wynik to 6 z 7
Statystyki odpowiedzi
Zagadnienie Odpowiedź % Poprawnych
Słowacja
100%
Bangladesz
95%
Indonezja
90%
Senegal
86%
Rumunia
81%
Mali
71%
Nikaragua
67%
Nie znaleziono quizów pasujących do podanych kryteriów
Rozkład punktacji
Procent ludzi z każdym wynikiem
Percentyl według liczby udzielonych odpowiedzi
Twoja historia wyników
Nie rozwiązałeś tego quizu